Sexual selection in primates. (Record no. 7275)

MARC details
000 -LEADER
fixed length control field 01356cam a22003254a 4500
001 - CONTROL NUMBER
control field 13237238
003 - CONTROL NUMBER IDENTIFIER
control field OSt
005 - DATE AND TIME OF LATEST TRANSACTION
control field 20210922133604.0
008 - FIXED-LENGTH DATA ELEMENTS--GENERAL INFORMATION
fixed length control field 030613s2004 nyua b 001 0 eng
010 ## - LIBRARY OF CONGRESS CONTROL NUMBER
LC control number 2003055314
020 ## - INTERNATIONAL STANDARD BOOK NUMBER
International Standard Book Number 052153738X (pbk.)
040 ## - CATALOGING SOURCE
Original cataloging agency DLC
Transcribing agency DDC
Modifying agency DLC
042 ## - AUTHENTICATION CODE
Authentication code pcc
050 00 - LIBRARY OF CONGRESS CALL NUMBER
Classification number QL737.P9
Item number S444 2004
082 00 - DEWEY DECIMAL CLASSIFICATION NUMBER
Classification number 599.8SEX 2004
100 ## - MAIN ENTRY--PERSONAL NAME
Personal name Kappeler,Peter M. & Van Schaik,Carel P.;
9 (RLIN) 14935
245 00 - TITLE STATEMENT
Title Sexual selection in primates.
Remainder of title New and comparative perspectives.
Statement of responsibility, etc. Edited by Kappeler,Peter M. & Van Schaik,Carel P.;
260 ## - PUBLICATION, DISTRIBUTION, ETC. (IMPRINT)
Place of publication, distribution, etc. New York :
Name of publisher, distributor, etc. Cambridge University Press,
Date of publication, distribution, etc. 2004.
300 ## - PHYSICAL DESCRIPTION
Extent xiv,284p.
Other physical details ill;
Dimensions 25cm.
504 ## - BIBLIOGRAPHY, ETC. NOTE
Bibliography, etc Includes; references and index.
650 #0 - SUBJECT ADDED ENTRY--TOPICAL TERM
Topical term or geographic name as entry element Biology
9 (RLIN) 5602
700 1# - ADDED ENTRY--PERSONAL NAME
Personal name Kappeler, Peter M.
9 (RLIN) 14937
700 1# - ADDED ENTRY--PERSONAL NAME
Personal name Schaik, Carel van.
9 (RLIN) 14939
856 42 - ELECTRONIC LOCATION AND ACCESS
Materials specified Publisher description
Uniform Resource Identifier <a href="http://www.loc.gov/catdir/description/cam032/2003055314.html">http://www.loc.gov/catdir/description/cam032/2003055314.html</a>
856 41 - ELECTRONIC LOCATION AND ACCESS
Materials specified Table of contents
Uniform Resource Identifier <a href="http://www.loc.gov/catdir/toc/cam031/2003055314.html">http://www.loc.gov/catdir/toc/cam031/2003055314.html</a>
856 42 - ELECTRONIC LOCATION AND ACCESS
Materials specified Contributor biographical information
Uniform Resource Identifier <a href="http://www.loc.gov/catdir/enhancements/fy0732/2003055314-b.html">http://www.loc.gov/catdir/enhancements/fy0732/2003055314-b.html</a>
906 ## - LOCAL DATA ELEMENT F, LDF (RLIN)
a 7
b cbc
c orignew
d 1
e ocip
f 20
g y-gencatlg
942 ## - ADDED ENTRY ELEMENTS (KOHA)
Source of classification or shelving scheme Dewey Decimal Classification
Koha item type Open Shelf

No items available.